| 000 | 00651nam a22002057a 4500 | ||
|---|---|---|---|
| 005 | 20170609143016.0 | ||
| 010 | _aENG-118603 | ||
| 020 |
_a9788120353206 _c495.00 |
||
| 035 | _aEN-102135 | ||
| 037 | _bDABD/PUB | ||
| 082 | _a624.151363 | ||
| 100 | _aChattopadhyay, Bikash Chandra | ||
| 245 |
_aGround improvement techniques / _cby Bikash Chandra Chattopadhyay [and] Joyanta Maity |
||
| 260 |
_aDelhi _bPHI Learning _c2017 |
||
| 270 |
_a111, Patparganj Industrial Estate _bDelhi _e110092 |
||
| 300 |
_axiii,408p.: _c23cm(pbk) _bill |
||
| 500 | _aIncludes index | ||
| 700 | _aMaity, Joyanta | ||
| 942 |
_2ddc _cEN _h624.151363 _mCHA |
||
| 999 |
_c140957 _d140957 |
||